[Event "29th ECC Women 2025"]
[Site "Rhodes GRE"]
[Date "2025.10.19"]
[Round "1.12"]
[White "De Wit, Patricia"]
[Black "Unuk, Laura"]
[Result "0-1"]
[BlackTitle "IM"]
[WhiteElo "2006"]
[BlackElo "2317"]
[WhiteTeam "De Stukkenjagers"]
[BlackTeam "Tajfun SK Ljubljana"]
[WhiteFideId "1002147"]
[BlackFideId "14609215"]
[EventDate "2025.10.19"]
[EventType "team"]

1. e4 e6 2. d3 d5 3. Nd2 c5 4. g3 Nc6 5. Bg2 g6 6. f4 Nge7 7. Ngf3 Bg7 8. O-O b5
9. c3 Qb6 10. Kh1 a5 11. Re1 Bb7 12. Nf1 Rd8 13. Qc2 O-O 14. g4 b4 15. Bd2 Ba6
16. Ng3 Rb8 17. Rab1 b3 18. axb3 Qxb3 19. Qxb3 Rxb3 20. exd5 exd5 21. d4 c4 22.
Bc1 Bc8 23. h3 Bd7 24. Ra1 Rd8 25. Ne5 Rb5 26. Kh2 Bf8 27. Bf3 Bc8 28. Nf1 Nb8
29. Bg2 f6 30. Nf3 Nd7 31. Ne3 Nb6 32. Nc2 a4 33. Nb4 Bb7 34. Bd2 Nc6 35. Nxc6
Bxc6 36. Ra2 Rb3 37. h4 Bd7 38. g5 Bg7 39. gxf6 Bxf6 40. Ng5 Ra8 41. Ne6 Bxh4
42. Re2 Re8 43. Bh3 Kf7 44. Ng5+ Bxg5 45. Rxe8 Bxf4+ 46. Bxf4 Kxe8 47. Bg2 Bf5 0-1

[Event "29th ECC Women 2025"]
[Site "Rhodes GRE"]
[Date "2025.10.19"]
[Round "1.12"]
[White "Yang, Le"]
[Black "Tomasi, Elise"]
[Result "0-1"]
[BlackTitle "WFM"]
[WhiteElo "1723"]
[BlackElo "2095"]
[WhiteTeam "Streatham & Brixton"]
[BlackTeam "C'Chartres échecs"]
[WhiteFideId "8654085"]
[BlackFideId "26088843"]
[EventDate "2025.10.19"]
[EventType "team"]

1. d4 d5 2. c4 dxc4 3. Nf3 Nf6 4. e3 b5 5. a4 b4 6. Bxc4 e6 7. Nbd2 Be7 8. O-O
O-O 9. Nb3 a5 10. Qe2 Bb7 11. Rd1 Nbd7 12. Ne5 Qc8 13. Nxd7 Qxd7 14. Bb5 Qd5 15.
f3 Qxb3 16. e4 Ba6 17. Bf4 Bxb5 18. axb5 Bd6 19. Bg5 e5 20. Bxf6 gxf6 21. Rd3
Qe6 22. d5 Qe7 23. f4 exf4 24. Rh3 f5 25. Qh5 f6 26. exf5 Rf7 27. Qh4 Re8 28.
Rf1 Rg7 29. Qh5 Qe2 0-1

[Event "29th ECC Women 2025"]
[Site "Rhodes GRE"]
[Date "2025.10.19"]
[Round "1.13"]
[White "Drljevic, Ljilja"]
[Black "Wagner, Dinara"]
[Result "1/2-1/2"]
[WhiteTitle "WIM"]
[BlackTitle "IM"]
[WhiteElo "2063"]
[BlackElo "2410"]
[WhiteTeam "Gostivar club"]
[BlackTeam "SuperChess"]
[WhiteFideId "928879"]
[BlackFideId "24157570"]
[EventDate "2025.10.19"]
[EventType "team"]

1. e4 c5 2. d3 Nc6 3. g3 Nf6 4. Bg2 d5 5. Nd2 e5 6. Ngf3 Be7 7. O-O O-O 8. Re1
d4 9. Nh4 g6 10. Bf1 Ne8 11. Ndf3 Nd6 12. Bh6 Re8 13. c3 Be6 14. Bd2 a5 15. a4
f6 16. Qc2 Qd7 17. Reb1 Rad8 18. Ng2 Kh8 19. Nge1 g5 20. cxd4 cxd4 21. Qd1 g4
22. Nh4 f5 23. exf5 Nxf5 24. Nhg2 Nd6 25. f3 Rf8 26. Be2 gxf3 27. Bxf3 Rf6 28.
Bg5 Rf7 29. Qd2 e4 30. Bxe4 Nxe4 31. dxe4 Bb4 32. Qe2 d3 33. Qh5 Rdf8 34. Ne3
Qd4 35. Ng2 Qxe4 36. Rf1 Ne5 37. Bh6 Rxf1+ 38. Rxf1 Rxf1+ 39. Nxf1 Nf7 40. Be3
Bd5 41. Nf4 Bb3 42. Kf2 d2 43. Nxd2 Bxd2 44. Bxd2 Qd4+ 45. Be3 Qxb2+ 46. Kg1 Bc4
47. Qd1 Qb3 48. Bd4+ Kg8 49. Qg4+ Kf8 50. Qc8+ Ke7 51. Bc5+ Kf6 52. Bd4+ Ke7 53.
Bc5+ Kf6 54. Bd4+ 1/2-1/2

[Event "29th ECC Women 2025"]
[Site "Rhodes GRE"]
[Date "2025.10.19"]
[Round "1.14"]
[White "Fataliyeva, Ulviyya"]
[Black "Naymanova, Patricie"]
[Result "1-0"]
[WhiteTitle "IM"]
[BlackTitle "WFM"]
[WhiteElo "2410"]
[BlackElo "2045"]
[WhiteTeam "SuperChess"]
[BlackTeam "Gostivar club"]
[WhiteFideId "13403052"]
[BlackFideId "2925907"]
[EventDate "2025.10.19"]
[EventType "team"]

1. e4 c5 2. Nc3 Nc6 3. Bb5 Nd4 4. a4 e6 5. Nf3 a6 6. Bc4 Qc7 7. d3 Ne7 8. Nxd4
cxd4 9. Ne2 Nc6 10. O-O Be7 11. f4 O-O 12. Ng3 Kh8 13. f5 d6 14. Nh5 exf5 15.
exf5 Ne5 16. Bb3 Bd7 17. Bf4 f6 18. Qd2 Be8 19. Ng3 Bf7 20. Bxf7 Rxf7 21. Ne2
Qc5 22. b4 Qd5 23. Bg3 Rc8 24. Rf4 Nc6 25. c4 dxc3 26. Nxc3 Qb3 27. Rb1 Qa3 28.
Rc4 Re8 29. Qd1 Ne5 30. Bxe5 dxe5 31. Rb3 1-0

[Event "29th ECC Women 2025"]
[Site "Rhodes GRE"]
[Date "2025.10.19"]
[Round "1.15"]
[White "Karaivanova, Petya"]
[Black "Bulmaga, Irina"]
[Result "0-1"]
[WhiteTitle "WFM"]
[BlackTitle "IM"]
[WhiteElo "1952"]
[BlackElo "2396"]
[WhiteTeam "Gostivar club"]
[BlackTeam "SuperChess"]
[WhiteFideId "2919150"]
[BlackFideId "13903063"]
[EventDate "2025.10.19"]
[EventType "team"]

1. e4 e5 2. Nf3 Nc6 3. Bc4 Nf6 4. d3 Bc5 5. c3 d6 6. a4 a5 7. Nbd2 h6 8. Nf1 Be6
9. Bxe6 fxe6 10. Qb3 Qd7 11. Be3 Bxe3 12. Nxe3 O-O 13. Rd1 Kh8 14. O-O Ne7 15.
Qc2 Qc6 16. Qb3 Qd7 17. Rfe1 Ng6 18. Nf1 Nh7 19. Re3 b6 20. d4 Qf7 21. Rd2 exd4
22. cxd4 Nf6 23. h3 Rae8 24. Rc2 Re7 25. Ng3 Nf4 26. Ne2 N6h5 27. Nxf4 Nxf4 28.
Kh2 Qh5 29. Ng1 g5 30. g3 Rg7 31. Rf3 Qg6 32. Qe3 d5 33. Ne2 Qxe4 34. Nxf4 gxf4
35. Qxe4 dxe4 36. Rxf4 Rxf4 37. gxf4 Rd7 38. Rc6 Rxd4 39. Rxe6 Rxa4 40. Re7 Rb4
41. Rxc7 Rxb2 42. Kg3 a4 43. f5 Rb5 44. Kg4 a3 45. Kh5 a2 46. Kg6 Rc5 47. Ra7
Ra5 48. Rc7 Ra8 0-1

[Event "29th ECC Women 2025"]
[Site "Rhodes GRE"]
[Date "2025.10.19"]
[Round "1.16"]
[White "Efroimski, Marsel"]
[Black "Tomin, Ksenija"]
[Result "1-0"]
[WhiteTitle "IM"]
[BlackTitle "WCM"]
[WhiteElo "2380"]
[BlackElo "1936"]
[WhiteTeam "SuperChess"]
[BlackTeam "Gostivar club"]
[WhiteFideId "2810964"]
[BlackFideId "945315"]
[EventDate "2025.10.19"]
[EventType "team"]

1. e4 e5 2. Nf3 Nc6 3. Bb5 a6 4. Ba4 d6 5. O-O Bd7 6. c3 Nge7 7. d4 Ng6 8. Re1
Be7 9. Nbd2 O-O 10. d5 Nb8 11. Bc2 f5 12. exf5 Bxf5 13. Bxf5 Rxf5 14. Nf1 Nd7
15. b4 Qf8 16. Ng3 Rf7 17. Ne4 h6 18. a3 Nf4 19. c4 g5 20. Be3 Qg7 21. Nfd2 Raf8
22. Qb3 Nf6 23. Nxf6+ Qxf6 24. Qc2 h5 25. Qe4 Qg7 26. c5 g4 27. cxd6 cxd6 28.
Rac1 h4 29. Nf1 h3 30. g3 Ng2 31. Re2 Nxe3 32. Nxe3 Bg5 33. Rcc2 Bxe3 34. Rxe3
Rf3 35. Rxf3 Rxf3 36. Rc8+ Rf8 37. Rc4 b5 38. Rc6 Qg5 39. Kf1 Rf3 40. Qc2 Qf6
41. Rc8+ Kg7 42. Rc7+ Kf8 43. Rd7 Kg8 44. Qc8+ Qf8 45. Rd8 Rxf2+ 46. Ke1 Rf1+
47. Ke2 Rf2+ 48. Ke3 1-0

[Event "29th ECC Women 2025"]
[Site "Rhodes GRE"]
[Date "2025.10.20"]
[Round "2.1"]
[White "Tetenkina, Irina"]
[Black "Injac, Teodora"]
[Result "0-1"]
[WhiteTitle "WIM"]
[BlackTitle "IM"]
[WhiteElo "2092"]
[BlackElo "2436"]
[WhiteTeam "Wasa SK"]
[BlackTeam "Sirmium Sremska Mitrovica"]
[WhiteFideId "13500996"]
[BlackFideId "932400"]
[EventDate "2025.10.19"]
[EventType "team"]

1. Nf3 Nf6 2. g3 b5 3. Bg2 Bb7 4. O-O e6 5. b3 Be7 6. Bb2 O-O 7. c4 b4 8. d4 d6
9. a3 a5 10. axb4 axb4 11. Rxa8 Bxa8 12. Nbd2 c5 13. Qc2 cxd4 14. Nxd4 Bxg2 15.
Kxg2 Qb6 16. Ra1 Nbd7 17. Qd3 Ne5 18. Qb1 d5 19. Nf5 exf5 20. Bxe5 Ng4 21. Qxf5
Nxe5 22. cxd5 Qd4 23. Ra5 Qxd2 24. Qxe5 Bf6 25. Qe4 g6 26. Ra6 Kg7 27. Rb6 Bc3
28. d6 Rd8 29. Qe7 Bf6 30. Qb7 Rxd6 31. Rxb4 Qxe2 32. Rf4 Rd1 0-1

[Event "29th ECC Women 2025"]
[Site "Rhodes GRE"]
[Date "2025.10.20"]
[Round "2.1"]
[White "Ushenina, Anna"]
[Black "Goryachkina, Aleksandra"]
[Result "1/2-1/2"]
[WhiteTitle "GM"]
[BlackTitle "GM"]
[WhiteElo "2407"]
[BlackElo "2541"]
[WhiteTeam "CE Gambit Bonnevoie"]
[BlackTeam "Cercle d'échecs de Monte-Carlo"]
[WhiteFideId "14110911"]
[BlackFideId "4147103"]
[EventDate "2025.10.19"]
[EventType "team"]

1. Nf3 d5 2. e3 Nf6 3. c4 e6 4. Nc3 Be7 5. b3 O-O 6. Bb2 c5 7. cxd5 exd5 8. d4
Nc6 9. Be2 Ne4 10. dxc5 Qa5 11. Rc1 Bf6 12. Nd4 Nxc5 13. Nxc6 bxc6 14. O-O Ne4
15. Qc2 Nxc3 16. Bxc3 Bxc3 17. Qxc3 Qxa2 18. Rc2 Qa3 19. Ra1 Qe7 20. Qxc6 Be6
21. Qc5 Qxc5 22. Rxc5 Rfb8 23. Ra3 Rb4 24. h3 g6 25. Bf3 Rd8 26. Rxa7 d4 27.
exd4 Rdxd4 28. Ra4 Rxa4 29. bxa4 Rxa4 30. Bd5 Bxd5 31. Rxd5 h5 1/2-1/2

[Event "29th ECC Women 2025"]
[Site "Rhodes GRE"]
[Date "2025.10.20"]
[Round "2.2"]
[White "Salimova, Nurgyul"]
[Black "Johansson, Viktoria"]
[Result "1-0"]
[WhiteTitle "IM"]
[BlackTitle "WIM"]
[WhiteElo "2385"]
[BlackElo "2033"]
[WhiteTeam "Sirmium Sremska Mitrovica"]
[BlackTeam "Wasa SK"]
[WhiteFideId "2915138"]
[BlackFideId "1701940"]
[EventDate "2025.10.19"]
[EventType "team"]

1. Nf3 d5 2. g3 Nf6 3. Bg2 c6 4. O-O Bg4 5. d3 e6 6. Nbd2 Nbd7 7. Qe1 Be7 8. e4
dxe4 9. dxe4 e5 10. h3 Bxf3 11. Nxf3 O-O 12. b3 Qc7 13. Bb2 Rfe8 14. a4 a5 15.
Qe2 Bf8 16. Nh4 g6 17. Rae1 Rad8 18. Kh2 Bg7 19. Qc4 Nh5 20. Nf3 Nf8 21. Rd1 Ne6
22. h4 h6 23. Bh3 Nf8 24. Bc3 b6 25. Qe2 Nd7 26. Bxd7 Rxd7 27. Rxd7 Qxd7 28. Nd2
Qc7 29. Nc4 c5 30. Rd1 Re6 31. Qd3 Qc6 32. Qd5 Qe8 33. Qd8 Qxd8 34. Rxd8+ Kh7
35. Rb8 Nf6 36. f3 g5 37. hxg5 hxg5 38. g4 Nd7 39. Rb7 Nf8 40. Rxb6 1-0

[Event "29th ECC Women 2025"]
[Site "Rhodes GRE"]
[Date "2025.10.20"]
[Round "2.2"]
[White "Divya, Deshmukh"]
[Black "Maltsevskaya, Aleksandra"]
[Result "1-0"]
[WhiteTitle "GM"]
[BlackTitle "IM"]
[WhiteElo "2498"]
[BlackElo "2394"]
[WhiteTeam "Cercle d'échecs de Monte-Carlo"]
[BlackTeam "CE Gambit Bonnevoie"]
[WhiteFideId "35006916"]
[BlackFideId "24174041"]
[EventDate "2025.10.19"]
[EventType "team"]

1. c4 e6 2. g3 d5 3. Bg2 Nf6 4. Nf3 dxc4 5. Qa4+ Bd7 6. Qxc4 c5 7. Ne5 Qc8 8.
Qd3 Bc6 9. Nxc6 Nxc6 10. Qb5 Be7 11. d3 O-O 12. Bxc6 bxc6 13. Qa4 e5 14. Bg5 Rb8
15. O-O e4 16. Nd2 exd3 17. exd3 Qf5 18. Ne4 Nxe4 19. Bxe7 Nd2 20. Bxf8 Nf3+ 21.
Kg2 Nd4 22. Rae1 Qd5+ 23. Re4 f5 24. Bxc5 Ne6 25. Qxa7 Re8 26. Be3 fxe4 27. dxe4
Qxe4+ 28. Kg1 c5 29. Rd1 h5 30. Qa3 h4 31. Qd3 Qg4 32. h3 Qxh3 33. Qg6 Rf8 34.
Qh5 Ra8 35. a3 Rb8 36. Rd2 Rf8 37. Rd6 Nd4 38. Bxd4 cxd4 39. Qxh4 Qxh4 40. gxh4
Rb8 41. b4 Ra8 42. Rxd4 Rxa3 43. Rf4 Kh7 44. Kg2 Rb3 45. f3 Kh6 46. Kg3 g5 47.
Rf6+ Kh5 48. hxg5 Kxg5 49. Rb6 Kf5 50. Rb8 Rb1 51. b5 Rg1+ 52. Kf2 Rb1 53. b6
Kf6 54. b7 Kg7 55. f4 Rb3 56. f5 Kh7 57. f6 Rb6 58. Re8 1-0

[Event "29th ECC Women 2025"]
[Site "Rhodes GRE"]
[Date "2025.10.20"]
[Round "2.3"]
[White "Isurina Mariano, Cristine Rose"]
[Black "Beydullayeva, Govhar"]
[Result "0-1"]
[WhiteTitle "WIM"]
[BlackTitle "WGM"]
[WhiteElo "1990"]
[BlackElo "2362"]
[WhiteTeam "Wasa SK"]
[BlackTeam "Sirmium Sremska Mitrovica"]
[WhiteFideId "5201071"]
[BlackFideId "13413015"]
[EventDate "2025.10.19"]
[EventType "team"]

1. e4 c5 2. Ne2 Nf6 3. d3 Nc6 4. Nbc3 d5 5. exd5 Nxd5 6. g3 Bg4 7. Bg2 Nd4 8.
Bxd5 Qxd5 9. f3 Qxf3 10. Rf1 Qg2 11. Kd2 g6 12. h3 Bxh3 13. Rh1 Bh6+ 0-1

[Event "29th ECC Women 2025"]
[Site "Rhodes GRE"]
[Date "2025.10.20"]
[Round "2.3"]
[White "Danielian, Elina"]
[Black "Kashlinskaya, Alina"]
[Result "1/2-1/2"]
[WhiteTitle "GM"]
[BlackTitle "IM"]
[WhiteElo "2410"]
[BlackElo "2450"]
[WhiteTeam "CE Gambit Bonnevoie"]
[BlackTeam "Cercle d'échecs de Monte-Carlo"]
[WhiteFideId "13300210"]
[BlackFideId "4198026"]
[EventDate "2025.10.19"]
[EventType "team"]

1. d4 Nf6 2. c4 e6 3. Nc3 Bb4 4. e3 Nc6 5. Bd2 O-O 6. Qc2 d6 7. a3 Bxc3 8. Bxc3
e5 9. d5 Ne7 10. Bd3 b5 11. e4 bxc4 12. Bxc4 c6 13. dxc6 Qb6 14. Bd3 Nxc6 15.
Ne2 Be6 16. O-O Rac8 17. Rac1 a5 18. Ng3 Nb4 19. axb4 axb4 20. Qd2 bxc3 21. bxc3
Rc6 22. h3 Rfc8 23. Rb1 Qc7 24. Ne2 h6 25. Rb5 Nd7 26. Rb4 Nc5 27. Bb5 Rb6 28.
Rfb1 Rcb8 29. Ng3 Nb3 30. R1xb3 Bxb3 31. c4 Bc2 32. Kh2 Qc5 33. f3 Bd3 34. Nf5
Bxc4 35. Rxc4 Qxb5 36. Rc7 R6b7 37. Nxd6 Qb6 38. Rxb7 Rxb7 39. Nxb7 Qxb7 1/2-1/2

[Event "29th ECC Women 2025"]
[Site "Rhodes GRE"]
[Date "2025.10.20"]
[Round "2.4"]
[White "Balabayeva, Xeniya"]
[Black "Borisova, Borislava"]
[Result "1-0"]
[WhiteTitle "WGM"]
[BlackTitle "WIM"]
[WhiteElo "2349"]
[BlackElo "1920"]
[WhiteTeam "Sirmium Sremska Mitrovica"]
[BlackTeam "Wasa SK"]
[WhiteFideId "13719688"]
[BlackFideId "1701657"]
[EventDate "2025.10.19"]
[EventType "team"]

1. d4 Nf6 2. Nf3 e6 3. Bf4 d5 4. e3 Bd6 5. Ne5 O-O 6. Bd3 b6 7. Nd2 Ba6 8. c4
Bb7 9. O-O c5 10. cxd5 exd5 11. Qf3 Nc6 12. Qg3 Bxe5 13. Bxe5 Nxe5 14. dxe5 Ne4
15. Nxe4 dxe4 16. Bc4 Qe7 17. Rad1 Rad8 18. Qf4 a6 19. a4 Bc6 20. Bxa6 Rxd1 21.
Rxd1 Bxa4 22. Rd6 b5 23. Qxe4 Re8 24. Qd5 h6 25. b3 Qxe5 26. Qxe5 Rxe5 27. bxa4
bxa4 28. Bd3 Re8 29. Ra6 Rd8 30. Bf1 1-0

[Event "29th ECC Women 2025"]
[Site "Rhodes GRE"]
[Date "2025.10.20"]
[Round "2.4"]
[White "Paehtz, Elisabeth"]
[Black "Kulon, Klaudia"]
[Result "1-0"]
[WhiteTitle "GM"]
[BlackTitle "IM"]
[WhiteElo "2408"]
[BlackElo "2336"]
[WhiteTeam "Cercle d'échecs de Monte-Carlo"]
[BlackTeam "CE Gambit Bonnevoie"]
[WhiteFideId "4641833"]
[BlackFideId "1131044"]
[EventDate "2025.10.19"]
[EventType "team"]

1. e4 e5 2. Nf3 Nf6 3. Nxe5 Nxe4 4. Qe2 Qe7 5. Qxe4 d6 6. d4 dxe5 7. dxe5 Nc6 8.
Nc3 Qxe5 9. Qxe5+ Nxe5 10. Nb5 Bb4+ 11. Bd2 Bxd2+ 12. Kxd2 Kd8 13. Re1 Nd7 14.
Bc4 Rf8 15. Kc1 a6 16. Nc3 Nb6 17. Bb3 Bd7 18. Re4 c6 19. a4 a5 20. Rd1 Kc7 21.
Re5 h6 22. Rc5 f6 23. Nb5+ Kd8 24. Nd6 Kc7 25. f3 Rfd8 26. Rc3 Be8 27. Nb5+ Kc8
28. Nd4 g6 29. Re3 Bd7 30. Re7 Re8 31. Rf7 f5 32. Rf6 Kc7 33. Rxg6 c5 34. Ne6+
Bxe6 35. Bxe6 f4 36. Rg7+ Kb8 37. Bf5 Ka7 38. Be4 Rab8 39. b3 Rg8 40. Rc7 c4 41.
Rc5 Rg5 42. Bf5 Rf8 43. Rxa5+ Kb8 44. Rb5 Rfxf5 45. Rxb6 Rxg2 46. Rd7 cxb3 47.
Rbxb7+ Ka8 48. Rxb3 Rxh2 49. Rc3 Kb8 50. Rd4 Rf2 51. Rb3+ Ka7 52. Rd7+ Ka6 53.
Rd6+ Ka5 54. Rd8 Rf6 55. Kb2 Rf1 56. Rb5+ Kxa4 57. Rb3 Ka5 58. Ra8+ Ra6 59. Ra3+ 1-0

[Event "29th ECC Women 2025"]
[Site "Rhodes GRE"]
[Date "2025.10.20"]
[Round "2.5"]
[White "Tokhirjonova, Gulrukhbegim"]
[Black "Drakaki, Anna-Maria"]
[Result "1/2-1/2"]
[WhiteTitle "IM"]
[WhiteElo "2370"]
[BlackElo "1929"]
[WhiteTeam "SK Zmaj"]
[BlackTeam "Aris Thessalonikis"]
[WhiteFideId "14203626"]
[BlackFideId "4225210"]
[EventDate "2025.10.19"]
[EventType "team"]

1. Nf3 Nf6 2. c4 e6 3. g3 b6 4. Bg2 Bb7 5. O-O Be7 6. Nc3 O-O 7. d4 d6 8. Qc2 c5
9. e4 cxd4 10. Nxd4 Qc8 11. b3 Nc6 12. Nde2 Nb4 13. Qb1 Rd8 14. a3 Nc6 15. Rd1
a6 16. Be3 Nd7 17. Ra2 Qc7 18. Rc2 Rac8 19. f4 Na5 20. Bf2 Nf6 21. Na4 Nd7 22.
Rcc1 Nc5 23. Nxb6 Qxb6 24. b4 Qc7 25. Bxc5 dxc5 26. bxa5 Rxd1+ 27. Rxd1 Rd8 28.
Rxd8+ Bxd8 29. e5 Bxg2 30. Kxg2 Qxa5 31. Qb8 Qd2 32. Kf2 h5 33. Qc8 Kh7 34. Qxc5
Ba5 35. Qe3 Qe1+ 36. Kg2 Bb6 37. Qd3+ g6 38. Nc3 h4 39. Qf3 Qd2+ 40. Kh3 hxg3
41. hxg3 Bg1 42. Ne2 Bc5 43. a4 Qc2 44. g4 Qxc4 45. f5 exf5 46. gxf5 gxf5 47.
Qxf5+ Kg8 48. Qg5+ Kf8 49. Ng3 Be7 50. Qh5 Qe6+ 51. Kh2 Qa2+ 52. Ne2 Kg7 53.
Qg4+ Kh7 54. Qe4+ Kg7 55. Kg2 Qd2 56. Kf3 Qd1 57. Kg2 Qd2 58. Qg4+ Kh7 59. Qf3
Kg7 60. Kh2 Qh6+ 61. Qh3 Qxh3+ 62. Kxh3 Kg6 63. Kg4 f5+ 64. Kf3 Bg5 65. Nd4 Bd2
66. Nb3 Bc3 67. Kf4 Bb4 68. Nd4 Bd2+ 69. Kg3 Bc3 70. Nf3 Kf7 71. Ng5+ Kg6 72.
Nf3 Kf7 73. Ng5+ Kg6 74. Nf3 1/2-1/2

[Event "29th ECC Women 2025"]
[Site "Rhodes GRE"]
[Date "2025.10.20"]
[Round "2.5"]
[White "Muzychuk, Anna"]
[Black "Osmak, Yuliia"]
[Result "1-0"]
[WhiteTitle "GM"]
[BlackTitle "IM"]
[WhiteElo "2525"]
[BlackElo "2464"]
[WhiteTeam "Turkish Airlines sports club"]
[BlackTeam "C'Chartres échecs"]
[WhiteFideId "14111330"]
[BlackFideId "14101602"]
[EventDate "2025.10.19"]
[EventType "team"]

1. e4 c5 2. Nf3 d6 3. Bb5+ Nd7 4. c4 Nf6 5. Nc3 g6 6. d4 cxd4 7. Nxd4 Bg7 8. O-O
O-O 9. Bxd7 Bxd7 10. b3 a6 11. a4 b5 12. axb5 axb5 13. Rxa8 Qxa8 14. Ndxb5 Bxb5
15. Nxb5 Qxe4 16. Re1 Qb7 17. Qe2 h5 18. h3 Re8 19. Bb2 Qc6 20. Qd3 d5 21. Qf3
Ne4 22. Bxg7 Kxg7 23. cxd5 Qxb5 24. Qxe4 Qxb3 25. d6 e6 26. Qe5+ f6 27. Qc5 Qb7
28. Ra1 Rc8 29. Qe3 Ra8 30. Rxa8 Qxa8 31. Qc5 Qa1+ 32. Kh2 Qa4 33. Qc7+ Kh6 34.
d7 e5 35. Qc1+ 1-0

[Event "29th ECC Women 2025"]
[Site "Rhodes GRE"]
[Date "2025.10.20"]
[Round "2.6"]
[White "Amiridou, Dimitra"]
[Black "Malikova, Marjona"]
[Result "0-1"]
[BlackTitle "WIM"]
[WhiteElo "1954"]
[BlackElo "2042"]
[WhiteTeam "Aris Thessalonikis"]
[BlackTeam "SK Zmaj"]
[WhiteFideId "4218230"]
[BlackFideId "14212463"]
[EventDate "2025.10.19"]
[EventType "team"]

1. e4 e5 2. Nf3 Nc6 3. Bb5 a6 4. Ba4 Nf6 5. O-O d6 6. Re1 Be7 7. c3 O-O 8. h3 b5
9. Bc2 h6 10. d4 Re8 11. a4 Bd7 12. a5 Bf8 13. Nbd2 exd4 14. Nxd4 Ne7 15. c4 c5
16. N4f3 Nc6 17. b3 Nxa5 18. e5 dxe5 19. Nxe5 Nc6 20. Ndf3 Nxe5 21. Nxe5 Be6 22.
Qf3 bxc4 23. bxc4 Qd4 24. Bxh6 gxh6 25. Qxf6 Bg7 26. Qf3 Bxe5 27. Be4 Rad8 28.
Bc6 Rf8 29. Rac1 Qf4 30. Qh5 Qh2+ 31. Kf1 Rd2 0-1

[Event "29th ECC Women 2025"]
[Site "Rhodes GRE"]
[Date "2025.10.20"]
[Round "2.6"]
[White "Daulyte-Cornette, Deimante"]
[Black "Tsolakidou, Stavroula"]
[Result "0-1"]
[WhiteTitle "IM"]
[BlackTitle "IM"]
[WhiteElo "2386"]
[BlackElo "2453"]
[WhiteTeam "C'Chartres échecs"]
[BlackTeam "Turkish Airlines sports club"]
[WhiteFideId "12802859"]
[BlackFideId "4264312"]
[EventDate "2025.10.19"]
[EventType "team"]

1. e4 e5 2. Nf3 Nc6 3. Bc4 d6 4. d4 Nf6 5. O-O Be7 6. Nc3 Bg4 7. dxe5 Nxe5 8.
Be2 Nxf3+ 9. Bxf3 Bxf3 10. Qxf3 c6 11. Rd1 Qc8 12. Bf4 Qe6 13. Re1 Nd7 14. Qg3
O-O 15. Ne2 Bf6 16. Bxd6 Rfe8 17. Nc3 Ne5 18. Bxe5 Bxe5 19. f4 Bd4+ 20. Kh1 f6
21. Rad1 Rad8 22. b3 Qe7 23. Nb1 b5 24. c3 Bb6 25. Rxd8 Rxd8 26. Qf3 Qd7 27. h3
Qd3 28. Kh2 Qxf3 29. gxf3 Bc7 30. e5 Rd5 31. Kg3 fxe5 32. fxe5 Bxe5+ 33. Kf2 Kf7
34. Ke3 g5 35. Rh1 Bf4+ 36. Ke2 Kg6 37. h4 h5 38. c4 bxc4 39. bxc4 Rd4 40. hxg5
Bxg5 41. Nc3 Rd2+ 42. Kf1 Rd3 43. Ne4 Rxf3+ 44. Kg2 Ra3 45. Nxg5 Rxa2+ 46. Kh3
Kxg5 47. Rg1+ Kf5 48. Rg7 Ke5 49. c5 Kd4 50. Kg3 a5 51. Kf3 Rc2 52. Rd7+ Kxc5
53. Ke3 h4 54. Kd3 Rh2 55. Kc3 Rh1 56. Ra7 Kb6 57. Rh7 h3 58. Rh5 h2 59. Kb2 c5
60. Rh6+ Kc7 61. Ka2 c4 62. Rh4 c3 63. Rc4+ Kd6 64. Rxc3 Rg1 0-1

[Event "29th ECC Women 2025"]
[Site "Rhodes GRE"]
[Date "2025.10.20"]
[Round "2.7"]
[White "Salimova, Asal"]
[Black "Tsekoura, Vaia"]
[Result "1-0"]
[WhiteTitle "WCM"]
[WhiteElo "2123"]
[BlackElo "1872"]
[WhiteTeam "SK Zmaj"]
[BlackTeam "Aris Thessalonikis"]
[WhiteFideId "14204940"]
[BlackFideId "25828070"]
[EventDate "2025.10.19"]
[EventType "team"]

1. d4 d5 2. c4 e6 3. Nc3 h6 4. cxd5 exd5 5. Bf4 Nf6 6. e3 Bd6 7. Qf3 Bg4 8. Qg3
Bxf4 9. Qxf4 c6 10. Bd3 O-O 11. Nge2 Bxe2 12. Bxe2 Qb6 13. Rb1 Nbd7 14. O-O Rfe8
15. Bd3 Nf8 16. b4 a6 17. a4 Qd8 18. Rfc1 Ne6 19. Qf5 g6 20. Qf3 Kg7 21. b5 cxb5
22. axb5 a5 23. b6 Ng5 24. Qg3 Nge4 25. Bxe4 Nxe4 26. Nxe4 Rxe4 27. Qc7 Re6 28.
Qxb7 Rb8 29. Qc7 Qxc7 30. bxc7 Rc8 31. Rb5 Re7 32. Rbc5 a4 33. Kf1 Rd7 34. Ke2
Kf6 35. Kd3 a3 36. R1c2 Ke6 37. f3 f5 38. R5c3 Kf7 39. Kd2 a2 40. Rxa2 Rdxc7 41.
Rxc7+ Rxc7 42. Rc2 Ra7 43. Ke2 Ra6 44. Kf2 Kf6 45. Rc8 Kg5 46. Rd8 Kh4 47. f4
Ra5 48. Rd6 Kh5 49. Rf6 Ra2+ 50. Kf3 Ra1 51. Rd6 Ra5 52. h3 Ra1 53. g4+ fxg4+
54. hxg4+ Kh4 55. Rxg6 Rf1+ 56. Ke2 Ra1 57. Rxh6+ Kxg4 58. Rg6+ Kf5 59. Rd6 Ra2+
60. Kf3 Ra5 61. Rxd5+ 1-0

[Event "29th ECC Women 2025"]
[Site "Rhodes GRE"]
[Date "2025.10.20"]
[Round "2.7"]
[White "Lu, Miaoyi"]
[Black "Schippke, Manon"]
[Result "1-0"]
[WhiteTitle "IM"]
[BlackTitle "WIM"]
[WhiteElo "2431"]
[BlackElo "2359"]
[WhiteTeam "Turkish Airlines sports club"]
[BlackTeam "C'Chartres échecs"]
[WhiteFideId "8618020"]
[BlackFideId "45100446"]
[EventDate "2025.10.19"]
[EventType "team"]

1. d4 d5 2. Bf4 Nf6 3. e3 e6 4. Nf3 Be7 5. Bd3 c5 6. c3 Nc6 7. Nbd2 Nh5 8. Be5
Nxe5 9. Nxe5 Nf6 10. Qf3 O-O 11. Qh3 g6 12. f4 Qb6 13. O-O-O Qa5 14. Kb1 c4 15.
Bc2 Rd8 16. e4 Qb5 17. a4 Qb6 18. Kc1 Qa6 19. g4 b5 20. Nxf7 Kxf7 21. e5 Kg7 22.
exf6+ Bxf6 23. g5 Be7 24. Nf3 e5 25. Qh6+ Kg8 26. axb5 Qxb5 27. Bxg6 hxg6 28.
Qxg6+ Kh8 29. Nxe5 Rf8 30. Qh6+ Kg8 31. g6 1-0